000 00855nam a22002297a 4500
999 _c22434
_d22434
003 OSt
005 20220704092358.0
008 180228s2017 pe 000 0 spa
020 _a9786123167677
040 _cBiblioteca Municipal de Cusco
082 _a370.152/B15
_bB15
100 _aBahón, Javier
_d1966-
_eautor
_948161
245 _aClaves para educar en un mundo cambiante :
_bmediación para el desarrollo del pensamiento /
_cJavier Bahón
250 _aPrimera edición, primera reimpresión.
260 _aLima :
_bEdiciones SM,
_c2020.
300 _a24 páginas. :
_c21 cm.
650 _aPensamiento crítico
_xEstudio y enseñanza
_948162
650 _aPensamiento crítico
_xMetodología
_948163
650 _aAprendizaje (Educación)
_vEnsayos, conferencias, etc.
_948164
650 _aEstrategias de aprendizaje
_93147
942 _2ddc
_cLIBROS